| 000 | 00437nam a2200169Ia 4500 | ||
|---|---|---|---|
| 003 | GCL | ||
| 008 | 140319s9999 xx 000 0 eng d | ||
| 040 |
_aGCL / _cGCL |
||
| 082 | 0 | 4 |
_a346.0486 _bA I |
| 100 | 1 | _aAUGER, C.P | |
| 245 | 1 | 0 |
_aINFORMATION SOURCES IN PATENTS / _cAUGER, C.P |
| 260 |
_a[S.N] : _bBOWKER - SAUR ، _c1992 |
||
| 300 | _a187 P | ||
| 650 | 0 | 4 | _aPATENTS |
| 650 | 0 | 4 | _aPATENTS - LAW AND LEGISLATION |
| 942 |
_2ddc _cBK |
||
| 999 |
_c16488 _d16488 |
||